000 00352nam a2200133Ia 4500
008 151001s9999||||xx |||||||||||||| ||und||
100 _aशर्मा खोत
245 _aआधार चयन: यशपाल कहानियाँ
250 _a1
260 _bआधार
260 _c2004
300 _a152
365 _b21
999 _c988053
_d988050